<The> World economy <the> leading journal on international economic relations
Enregistré dans:
| Format: | Publication en série |
|---|---|
| Langue: | anglais |
| Publié: |
Oxford
Blackwell Publ.
2003
|
| Sujets: | |
| Tags: |
Pas de tags, Soyez le premier à ajouter un tag!
|
MARC
| LEADER | 00000nas2a22000001 4500 | ||
|---|---|---|---|
| 001 | 0052850 | ||
| 005 | 20231130111154.2 | ||
| 022 | |a 0378-5920 | ||
| 041 | 0 | |a eng | |
| 044 | |a GB | ||
| 245 | 1 | 0 | |a <The> World economy |b <the> leading journal on international economic relations |
| 264 | 1 | |a Oxford |b Blackwell Publ. |c 2003 | |
| 773 | 0 | |w eu_un_cat*s120292 | |
| 610 | 2 | 0 | |a hospodárstvo svetové |
| 610 | 2 | 0 | |a obchod medzinárodný |